00977nam a2200265 i 4500003000900000005001700009007000300026008004100029020001300070040003000083082001300113100003200126245011600158264004900274300003800323336002700361337003400388338002800422490003100450500003500481500007100516504003100587700004400618700004900662DO-SdBNP20240712152233.0ta240712b2003 sp c 001 0 spa d a84378249 aDO-SdBNPbspacBNPHUerda 4bP9372221 aPreston, Pauleautord1946-10aJuan Carlos : bel rey de un pueblo / cPaul Preston ; traducción de Eva Rodriguez Halffter y Gabriel Vazquez aBarcelona, España :bPlaza & Janes,c2003. a654 páginas :bretratosc23 cm. 2rdacontentatextobtxt 2rdamediaasin mediaciónbnc 2rdacarrieravolumenbnc1 aLa línea del horizonte.  aIncluye índice onomástico. aIncluye datos biografícos del autor en la solapa de la portada.  aBibliografía p: 413-421.1 aRodríguez Halffter, Evaetraducción1 aVázquez Torres, Gabriel J., etraducción